Cubicación de maderas (Record no. 50612)

MARC details
000 -LEADER
campo de control de longitud fija 00391nam a2200145 i 4500
001 - NÚMERO DE CONTROL
campo de control 50612
003 - IDENTIFICADOR DE NÚMERO DE CONTROL
campo de control ES-MaACL
005 - FECHA Y HORA DE LA ÚLTIMA TRANSACCIÓN
campo de control 20230906162216.0
007 - CAMPO FIJO DE DESCRIPCIÓN FÍSICA--INFORMACIÓN GENERAL
campo de control de longitud fija t|
008 - DATOS DE LONGITUD FIJA--INFORMACIÓN GENERAL
campo de control de longitud fija 030805q1951 sp ||||1| spa d
245 00 - MENCIÓN DEL TÍTULO
Título Cubicación de maderas
Resto del título : cálculos ajustados.
260 ## - PUBLICACIÓN, DISTRIBUCIÓN, ETC.
Lugar de publicación, distribución, etc. Valencia :
Nombre del editor, distribuidor, etc. Gaisa,
Fecha de publicación, distribución, etc. [1951?] (
Fabricante P. Quiles)
300 ## - DESCRIPCIÓN FÍSICA
Extensión 97 h. ;
Dimensiones 15 cm.
852 ## - LOCALIZACIÓN
Ubicación ES-MaACL
Número de control de estantería D-8163
Sublocalización o colección R.32132
Holdings
Estatus retirado Estado de pérdida Estado de daño No para préstamo Biblioteca de origen Biblioteca actual Ubicación en estantería Fecha de adquisición Fuente de adquisición Total de préstamos Signatura topográfica completa Código de barras Visto por última vez Precio de reemplazo Tipo de ítem Koha
        Biblioteca del Ateneo de Madrid Biblioteca del Ateneo de Madrid Sala Valle Inclán 17/01/2008     D-8163 901053234 23/02/2023 23/02/2023 Libro impreso